[Event "Yerevan Asrian Memorial 9th"]
[Site "Yerevan"]
[Date "2016.06.24"]
[Round "9"]
[White "Movsisyan, Vardan"]
[Black "Karapetyan, Lusine"]
[Result "0-1"]
[WhiteElo "2179"]
[BlackElo "1961"]
[PlyCount "78"]
[EventDate "2016.06.16"]
[EventType "swiss"]
[EventRounds "9"]
[EventCountry "ARM"]
[SourceTitle "EXT 2017"]
[Source "ChessBase"]
[SourceDate "2016.10.25"]
[SourceVersion "1"]
[SourceVersionDate "2016.10.25"]
[SourceQuality "1"]

1. e4 e5 2. Nf3 Nc6 3. Bb5 a6 4. Ba4 Nf6 5. d3 b5 6. Bb3 Be7 7. 0-0 0-0 8. Nc3 d6 9. h3 Na5 10. Bg5 Nxb3 11. axb3 Bb7 12. Bxf6 Bxf6 13. Ne2 d5 14. Ng3 g6 15. Re1 Bg7 16. Qd2 c5 17. b4 Qd6 18. bxc5 Qxc5 19. exd5 Qxd5 20. Qb4 Rac8 21. Re2 f5 22. Rae1 Rfe8 23. Nf1 e4 24. dxe4 Rxe4 25. Rxe4 fxe4 26. N3d2 Rxc2 27. Nxe4 Qf7 28. f3 Rxb2 29. Qa5 Qd7 30. Nfd2 Qd4+ 31. Kh2 Be5+ 32. Kh1 Qd5 33. Qa3 b4 34. Qe3 b3 35. Nf6+ Bxf6 36. Qe8+ Kg7 37. Re7+ Bxe7 38. Qxe7+ Qf7 39. Qe5+ Qf6 0-1

[Event "Yerevan Asrian Memorial 9th"]
[Site "Yerevan"]
[Date "2016.06.23"]
[Round "8"]
[White "Karapetyan, Lusine"]
[Black "Kshtoyan, Indat"]
[Result "1-0"]
[WhiteElo "1961"]
[BlackElo "1939"]
[PlyCount "63"]
[EventDate "2016.06.16"]
[EventType "swiss"]
[EventRounds "9"]
[EventCountry "ARM"]
[SourceTitle "CBM 173 Extra"]
[Source "ChessBase"]
[SourceDate "2016.08.29"]
[SourceVersion "1"]
[SourceVersionDate "2016.08.29"]
[SourceQuality "1"]

1. e4 e6 2. d4 d5 3. Nc3 Bb4 4. exd5 exd5 5. Bd3 Nf6 6. Nge2 c6 7. 0-0 0-0 8. Bg5 Bg4 9. Qd2 Nbd7 10. a3 Ba5 11. Ng3 Bc7 12. Nce2 Bxe2 13. Qxe2 h6 14. Bd2 Bxg3 15. fxg3 Qe8 16. Qf3 Qd8 17. g4 Qb6 18. Bf5 Qxd4+ 19. Be3 Qxb2 20. Qf2 Qe5 21. Bf4 Qe7 22. g5 hxg5 23. Bxg5 Qe5 24. Rae1 Ne4 25. Qh4 g6 26. Bxd7 Qxg5 27. Rxe4 Qxh4 28. Rxh4 f5 29. Rb4 Rab8 30. Rfb1 Kf7 31. Rxb7 Rxb7 32. Rxb7 1-0

[Event "Yerevan Asrian Memorial 9th"]
[Site "Yerevan"]
[Date "2016.06.20"]
[Round "5"]
[White "Karapetyan, Lusine"]
[Black "Chubar, Vladimir"]
[Result "0-1"]
[WhiteElo "1961"]
[BlackElo "2007"]
[PlyCount "115"]
[EventDate "2016.06.16"]
[EventType "swiss"]
[EventRounds "9"]
[EventCountry "ARM"]
[SourceTitle "CBM 173 Extra"]
[Source "ChessBase"]
[SourceDate "2016.08.29"]
[SourceVersion "1"]
[SourceVersionDate "2016.08.29"]
[SourceQuality "1"]

1. e4 e6 2. d4 b6 3. Nf3 Bb7 4. Bd3 Nf6 5. Qe2 d5 6. e5 Nfd7 7. 0-0 c5 8. c3 Nc6 9. a3 Be7 10. Bf4 a5 11. Rd1 c4 12. Bc2 b5 13. Nbd2 b4 14. a4 b3 15. Bb1 Nb6 16. Qe3 h6 17. h4 Bxh4 18. Nxh4 Qxh4 19. Bg3 Qe7 20. f4 Bc8 21. Rf1 g6 22. Nf3 Qf8 23. Bh4 Ne7 24. Bf6 Rg8 25. g4 Bd7 26. Rf2 Nxa4 27. Kf1 Nb6 28. f5 gxf5 29. gxf5 exf5 30. Nh4 Nbc8 31. Nxf5 Nxf5 32. Bxf5 Bxf5 33. Rxf5 Ra6 34. Qf3 Ne7 35. Rf4 Rg6 36. Kf2 a4 37. Ra3 Ra5 38. Qh3 Qg8 39. Rh4 Qh7 40. Rh5 Rg8 41. Bxe7 Qc2+ 42. Kf1 Qc1+ 43. Kf2 Qxb2+ 44. Kf1 Qc1+ 45. Ke2 Qc2+ 46. Kf1 Qd1+ 47. Kf2 Qg1+ 48. Kf3 Kxe7 49. Rxh6 Qd1+ 50. Kf2 Qd2+ 51. Kf1 Qf4+ 52. Ke2 Qe4+ 53. Kd2 Qf4+ 54. Ke2 b2 55. Qh1 Rg3 56. Rb3 axb3 57. Re6+ Kxe6 58. Qa1 0-1

[Event "Yerevan Asrian Memorial 9th"]
[Site "Yerevan"]
[Date "2016.06.18"]
[Round "3"]
[White "Babayan, Armine"]
[Black "Karapetyan, Lusine"]
[Result "1-0"]
[WhiteElo "2169"]
[BlackElo "1961"]
[PlyCount "111"]
[EventDate "2016.06.16"]
[EventType "swiss"]
[EventRounds "9"]
[EventCountry "ARM"]
[SourceTitle "CBM 173 Extra"]
[Source "ChessBase"]
[SourceDate "2016.08.29"]
[SourceVersion "1"]
[SourceVersionDate "2016.08.29"]
[SourceQuality "1"]

1. e4 e5 2. Nf3 Nc6 3. Bb5 a6 4. Ba4 Nf6 5. d3 b5 6. Bb3 Be7 7. 0-0 d6 8. c3 0-0 9. h3 Bb7 10. Re1 Re8 11. Nbd2 Bf8 12. Nf1 Na5 13. Bc2 c5 14. Bg5 h6 15. Bd2 g6 16. b4 cxb4 17. cxb4 Nc6 18. Bb3 d5 19. exd5 Nxd5 20. a3 Nf4 21. Bxf4 exf4 22. Rxe8 Qxe8 23. Qd2 Ne5 24. N1h2 Bd6 25. Re1 Qc6 26. Rc1 Qd7 27. Nxe5 Bxe5 28. Ng4 Bg7 29. Qxf4 Rc8 30. Rxc8+ Bxc8 31. Nf6+ Bxf6 32. Qxf6 Kf8 33. Qh8+ Ke7 34. Qg8 Qxd3 35. Qxf7+ Kd6 36. Qf6+ Kc7 37. Qe5+ Qd6 38. Qg7+ Kb8 39. Qxh6 Bb7 40. Qh8+ Ka7 41. Qc3 Qd8 42. Qe3+ Ka8 43. Bc2 g5 44. Be4 Bxe4 45. Qxe4+ Ka7 46. Qf3 a5 47. bxa5 Qxa5 48. Qe3+ Ka6 49. g3 Qa4 50. Kg2 Qa5 51. Qe6+ Kb7 52. Qe7+ Kc6 53. Qf6+ Kc5 54. Qxg5+ Kd4 55. Qe3+ Kc4 56. h4 1-0

[Event "Yerevan Asrian Memorial 9th"]
[Site "Yerevan"]
[Date "2016.06.16"]
[Round "1"]
[White "Mikaelyan, Arman"]
[Black "Karapetyan, Lusine"]
[Result "1-0"]
[WhiteElo "2444"]
[BlackElo "1961"]
[PlyCount "109"]
[EventDate "2016.06.16"]
[EventType "swiss"]
[EventRounds "9"]
[EventCountry "ARM"]
[SourceTitle "CBM 173 Extra"]
[Source "ChessBase"]
[SourceDate "2016.08.29"]
[SourceVersion "1"]
[SourceVersionDate "2016.08.29"]
[SourceQuality "1"]

1. Nf3 Nf6 2. g3 g6 3. b3 d5 4. Bb2 Bg7 5. Bg2 0-0 6. 0-0 c6 7. c4 a5 8. Nc3 Re8 9. cxd5 cxd5 10. Rc1 Ne4 11. d3 Nxc3 12. Bxc3 Nc6 13. Bxg7 Kxg7 14. Qd2 f6 15. d4 Be6 16. e3 Qd6 17. Ne1 a4 18. Nd3 axb3 19. axb3 Na5 20. Rc3 b6 21. Rfc1 Rec8 22. Nf4 Rxc3 23. Qxc3 Bf7 24. h4 h6 25. Qc7 Rd8 26. b4 Nc4 27. Qxd6 Rxd6 28. Bxd5 Rxd5 29. Rxc4 Rb5 30. Rc7 Rxb4 31. Rxe7 Kf8 32. Re4 b5 33. h5 gxh5 34. Ne6+ Kg8 35. Nd8 Rb1+ 36. Kh2 Bd5 37. Re8+ Kh7 38. e4 Re1 39. f3 f5 40. Re7+ Kg8 41. Re5 fxe4 42. Rxd5 exf3 43. Rf5 Re2+ 44. Kh3 Rd2 45. Nc6 Rc2 46. Ne7+ Kg7 47. Rxf3 b4 48. Nd5 Rd2 49. Nf4 Kf6 50. Nxh5+ Ke6 51. Nf4+ Kd6 52. Nd3 b3 53. Nc5 Rxd4 54. Nxb3 Rb4 55. Re3 1-0

[Event "EU-ch 15th"]
[Site "Yerevan"]
[Date "2014.03.12"]
[Round "9"]
[White "Rusek, Walter"]
[Black "Karapetyan, Lusine"]
[Result "0-1"]
[WhiteElo "1794"]
[BlackElo "1985"]
[PlyCount "80"]
[EventDate "2014.03.03"]
[EventType "swiss"]
[EventRounds "11"]
[EventCountry "ARM"]
[SourceTitle "CBM 160"]
[Source "ChessBase"]
[SourceDate "2014.05.15"]
[SourceVersion "1"]
[SourceVersionDate "2014.05.15"]
[SourceQuality "1"]

1. d4 e6 2. c4 b6 3. e4 Bb7 4. Bd3 Nf6 5. f3 Bb4+ 6. Nc3 Bxc3+ 7. bxc3 d6 8. Bg5 h6 9. Bh4 g5 10. Bf2 c5 11. d5 Nbd7 12. Qa4 Ke7 13. Ne2 Ne5 14. 0-0-0 Qd7 15. Qc2 Ba6 16. dxe6 fxe6 17. Qb3 Nh5 18. f4 Ng4 19. Rdf1 Raf8 20. Qb2 Kd8 21. e5 Nxf2 22. Rxf2 Nxf4 23. Nxf4 Rxf4 24. g3 Rxf2 25. Qxf2 Qg7 26. Rf1 Qxe5 27. Qf3 Qxc3+ 28. Kb1 d5 29. Rc1 Qe5 30. Rd1 d4 31. Qa8+ Kc7 32. Qxa7+ Bb7 33. Rf1 Kc6 34. Rf7 Qe1+ 35. Kc2 Qc3+ 36. Kb1 Qxd3+ 37. Ka1 Qd1+ 38. Kb2 Qd2+ 39. Kb1 Qe1+ 40. Kb2 Qb4+ 0-1

[Event "EU-ch 15th"]
[Site "Yerevan"]
[Date "2014.03.11"]
[Round "8"]
[White "Karapetyan, Lusine"]
[Black "Babayan, Armine"]
[Result "0-1"]
[WhiteElo "1985"]
[BlackElo "2085"]
[PlyCount "80"]
[EventDate "2014.03.03"]
[EventType "swiss"]
[EventRounds "11"]
[EventCountry "ARM"]
[SourceTitle "CBM 160"]
[Source "ChessBase"]
[SourceDate "2014.05.15"]
[SourceVersion "1"]
[SourceVersionDate "2014.05.15"]
[SourceQuality "1"]

1. e4 c5 2. Nf3 e6 3. d3 Nc6 4. g3 g6 5. Bg2 Bg7 6. 0-0 Nge7 7. c3 d5 8. Qe2 0-0 9. a4 b6 10. Na3 Qd7 11. e5 a6 12. Bf4 Bb7 13. c4 Na5 14. Qc2 Nec6 15. b3 Nb4 16. Qb1 Nac6 17. Qd1 f6 18. Re1 Rad8 19. cxd5 exd5 20. e6 Qe7 21. h4 h6 22. Rb1 g5 23. Be3 d4 24. Bc1 Nd5 25. Rb2 Nc3 26. Qd2 b5 27. Nh2 Rd6 28. Bh3 Bc8 29. f4 gxf4 30. Qxf4 Ne5 31. Ng4 Bxe6 32. Nxh6+ Bxh6 33. Qxh6 Bxh3 34. Qh5 Nf3+ 35. Qxf3 Qxe1+ 36. Kh2 Qxc1 37. Qh5 Rf7 38. Qg6+ Kf8 39. Rc2 Qxa3 40. Kxh3 Qxb3 0-1

[Event "EU-ch 15th"]
[Site "Yerevan"]
[Date "2014.03.10"]
[Round "7"]
[White "Hakobyan, Aram"]
[Black "Karapetyan, Lusine"]
[Result "1-0"]
[WhiteElo "2103"]
[BlackElo "1985"]
[PlyCount "103"]
[EventDate "2014.03.03"]
[EventType "swiss"]
[EventRounds "11"]
[EventCountry "ARM"]
[SourceTitle "CBM 160"]
[Source "ChessBase"]
[SourceDate "2014.05.15"]
[SourceVersion "1"]
[SourceVersionDate "2014.05.15"]
[SourceQuality "1"]

1. d4 f5 2. Bg5 g6 3. Nd2 d5 4. c4 c6 5. e3 Bg7 6. Ngf3 Nf6 7. Be2 Nbd7 8. cxd5 cxd5 9. h3 0-0 10. 0-0 Ne4 11. Bf4 Ndf6 12. Nb3 Bd7 13. Ne5 Rc8 14. f3 Nd6 15. Nc5 Re8 16. Qb3 Bc6 17. a4 e6 18. Rac1 Nh5 19. Bh2 f4 20. exf4 Qf6 21. Qe3 Bh6 22. Ng4 Qg7 23. Nxe6 Bd7 24. Nxg7 Rxe3 25. Rxc8+ Nxc8 26. Nxe3 Bxg7 27. Nxd5 Bxd4+ 28. Kh1 Bxa4 29. Nc3 Bc6 30. g4 Nf6 31. Bg1 Bxg1 32. Kxg1 Nd6 33. Rd1 Nfe8 34. Kf2 Kf7 35. Ke3 Ke7 36. Ne4 a6 37. Rc1 Bd5 38. Nxd6 Kxd6 39. Bc4 Bc6 40. Bd3 Nf6 41. Be4 Nd5+ 42. Bxd5 Kxd5 43. Rd1+ Kc4 44. f5 gxf5 45. gxf5 a5 46. f6 Be8 47. Rd7 b5 48. f7 Bxf7 49. Rxf7 Kb3 50. Ra7 a4 51. Kd4 b4 52. Kc5 1-0

[Event "ARM-ch (Women) 68th"]
[Site "Yerevan"]
[Date "2013.01.15"]
[Round "4"]
[White "Hairapetian, Anna"]
[Black "Karapetyan, Lusine"]
[Result "1-0"]
[WhiteElo "2199"]
[BlackElo "1929"]
[PlyCount "81"]
[EventDate "2013.01.12"]
[EventType "tourn"]
[EventRounds "9"]
[EventCountry "ARM"]
[SourceTitle "CBM 152 Extra"]
[Source "ChessBase"]
[SourceDate "2013.02.25"]
[SourceVersion "1"]
[SourceVersionDate "2013.02.25"]
[SourceQuality "1"]

1. e4 d5 2. exd5 Nf6 3. d4 Bg4 4. Bb5+ Nbd7 5. f3 Bf5 6. Nc3 a6 7. Ba4 b5 8. Bb3 Nb6 9. Nge2 Nfxd5 10. Ne4 e6 11. N2g3 Bg6 12. Qe2 Be7 13. 0-0 0-0 14. Rd1 c6 15. c3 Qc7 16. Bg5 Bxg5 17. Nxg5 c5 18. Qf2 c4 19. Bc2 a5 20. Bxg6 hxg6 21. N3e4 Qf4 22. Re1 Nf6 23. Nh3 Nxe4 24. Rxe4 Qf6 25. f4 Rfd8 26. Ng5 Nd5 27. Qh4 b4 28. Qh7+ Kf8 29. Qh3 Ke7 30. Rae1 Ra6 31. Nh7 Qf5 32. g4 Nxf4 33. Qg3 Qd5 34. Qxf4 f6 35. Rf1 Qd6 36. Qf2 Kd7 37. Nxf6+ gxf6 38. Qxf6 Re8 39. Qxg6 Raa8 40. Rf7+ Kc6 41. Re5 1-0

[Event "ARM-ch (Women) 62nd"]
[Site "Yerevan"]
[Date "2008.01.19"]
[Round "7"]
[White "Karapetyan, Lusine"]
[Black "Aghabekian, Liana"]
[Result "1-0"]
[WhiteElo "1957"]
[BlackElo "2191"]
[PlyCount "129"]
[EventDate "2008.01.13"]
[EventType "tourn"]
[EventRounds "9"]
[EventCountry "ARM"]
[SourceTitle "CBM 122 Extra"]
[Source "ChessBase"]
[SourceDate "2008.03.04"]
[SourceVersion "1"]
[SourceVersionDate "2008.03.04"]
[SourceQuality "1"]

1. e4 e5 2. Nf3 Nc6 3. Bb5 a6 4. Ba4 Nf6 5. Qe2 b5 6. Bb3 Be7 7. 0-0 0-0 8. c3 d5 9. exd5 Nxd5 10. Nxe5 Nf4 11. Qe4 Nxe5 12. Qxf4 Bd6 13. Qe4 Bd7 14. d4 Ng6 15. Be3 Kh8 16. f4 Re8 17. Qd3 Qe7 18. Bd2 Qf6 19. Bd5 Bf5 20. Qg3 Rad8 21. Bc6 Re2 22. Bf3 Re7 23. Qg5 c5 24. Qxf6 gxf6 25. g3 Be4 26. Kf2 f5 27. Be3 Rde8 28. Re1 Bxf3 29. Kxf3 Kg8 30. Nd2 cxd4 31. cxd4 Bb4 32. a3 Ba5 33. b4 Bb6 34. Nb3 Nf8 35. Nc5 Ne6 36. Kf2 Rd8 37. Rad1 Nc7 38. Rd2 a5 39. Nb7 Ra8 40. d5 Nxd5 41. Bxb6 Rxb7 42. Bxa5 Nf6 43. Kf3 Rc8 44. Rd8+ Rxd8 45. Bxd8 Ne4 46. Rd1 h5 47. Rd5 Rb8 48. Ba5 h4 49. Rxf5 Nd2+ 50. Ke2 Nc4 51. gxh4 Nxa3 52. Rd5 Kg7 53. Kd3 Rh8 54. Bd8 Re8 55. h5 Re1 56. Bg5 Rd1+ 57. Ke4 Rb1 58. h6+ Kh7 59. Kf5 Nc4 60. Rd7 Ne3+ 61. Kf6 Ng4+ 62. Kxf7 Nxh6+ 63. Kf6+ Kg8 64. Bxh6 Rxb4 65. Kg6 1-0

[Event "Wch U20 Girls 25th"]
[Site "Yerevan"]
[Date "2007.10.04"]
[Round "2"]
[White "Hamza, Amira"]
[Black "Karapetyan, Lusine"]
[Result "1-0"]
[WhiteElo "1961"]
[BlackElo "1950"]
[PlyCount "57"]
[EventDate "2007.10.03"]
[EventType "swiss"]
[EventRounds "13"]
[EventCountry "ARM"]
[SourceTitle "CBM 120 Extra"]
[Source "ChessBase"]
[SourceDate "2007.11.01"]
[SourceVersion "1"]
[SourceVersionDate "2007.11.01"]
[SourceQuality "1"]

1. d4 e6 2. c4 b6 3. Nc3 Bb7 4. e4 Bb4 5. Bd3 Bxc3+ 6. bxc3 Nf6 7. f3 d6 8. Ne2 Nc6 9. Qc2 0-0 10. 0-0 Ba6 11. Rd1 e5 12. Ba3 Re8 13. c5 Bxd3 14. Rxd3 d5 15. exd5 Nxd5 16. dxe5 Nxe5 17. Rd4 Qg5 18. Qe4 Nc4 19. Qxd5 Qe3+ 20. Kh1 Qxe2 21. Qxc4 Qe1+ 22. Qf1 Qxc3 23. Rd3 Qc2 24. Qd1 Qf2 25. h3 bxc5 26. Rd7 Qe3 27. Qd5 Qf4 28. Rd1 c4 29. Qxa8 1-0